000 00668nam a2200217Ia 4500
003 GCL
008 140319s9999 xx 000 0 ara d
040 _aGCL /
_cGCL
082 0 4 _a820
_bا م
100 1 _aايفانز، تريفور
245 1 0 _aموجز تاريخ الادب الانجليزى (هدية من الاديب عبدالفتاح الجمل) /
_cايفانز، تريفور
700 1 _aعبدالله الحافظ
700 1 _aشوقى السكرى
300 _a297 ص
490 _a
650 0 4 _aالادب
650 0 4 _aالادب الانجليزى
650 0 4 _aالائتمان
650 0 4 _aتاريخ ونقد
942 _2ddc
_cBK
999 _c41128
_d41128